The official guide for GMAT review 2017 / (Record no. 599122)
[ view plain ]
| 000 -LEADER | |
|---|---|
| fixed length control field | 00384nam a2200109Ia 4500 |
| 008 - FIXED-LENGTH DATA ELEMENTS--GENERAL INFORMATION | |
| fixed length control field | 230907s9999||||xx |||||||||||||| ||und|| |
| 082 ## - DEWEY DECIMAL CLASSIFICATION NUMBER | |
| Classification number | 650.076 |
| Author Mark | OFF |
| 245 #4 - TITLE STATEMENT | |
| Title | The official guide for GMAT review 2017 / |
| 300 ## - PHYSICAL DESCRIPTION | |
| Extent | 2016, volumes : |
| 650 ## - SUBJECT ADDED ENTRY--TOPICAL TERM | |
| Topical term or geographic name entry element | Study guides Periodicals. Examinations, questions, etc. Periodicals. Examinations, questions, etc. Periodicals. |
| 9 (RLIN) | 115678 |
| 942 ## - ADDED ENTRY ELEMENTS (KOHA) | |
| Koha item type | Book |
| Withdrawn status | Lost status | Damaged status | Not for loan | Permanent Location | Current Location | Date acquired | Total Checkouts | Full call number | Barcode | Date last seen | Price effective from | Koha item type |
|---|---|---|---|---|---|---|---|---|---|---|---|---|
| US-Pakistan Center for Advanced Studies in Energy (USPCAS-E) | US-Pakistan Center for Advanced Studies in Energy (USPCAS-E) | 08/19/2019 | 650.076 OFF | CAS-E0003221 | 09/12/2023 | 09/12/2023 | Book |
